000 00410nam a2200157 4500
001 45745
090 _a45745
100 _a20260226 pory50
101 _apor
102 _aPT
200 _aO conto de amadiz de Portugal
_epara os rapazes portugueses
_fAfonso lopes vieira
210 _a[Lisboa]
_cLivraria bertrand
_d[S.d..]
215 _a43, [2] p.
_c1 il.
675 _a82-93
801 _aPT
_gRPC
990 _cLIVROS